000 01163nam0a2200301 i 4500
001 RU\NLR\bibl\2006960
005 20241115075422.0
010 _a9785394021671
_91000
021 _aRU
_b2013-7545
_9542
035 _a(NLR Aleph) 002068913
090 _a4734552
_c4734552
100 _a20130301d2013 k y0rusy50 ca
101 0 _arus
102 _aRU
105 _aa |||||||||
200 1 _aМентальные и ценностно-смысловые основы развития корпоративного интеллектуального капитала
_eмонография
_fБ.А. Нейматова
210 _aМосква
_cДашков и К
_d2013
215 _a143 с.
_cил.
_d20
320 _aБиблиогр.: с. 139-143 (111 назв.)
606 _aПредприятия
_xИнтеллектуальный капитал
_xУправление
_92551132
_3RU\NLR\auth\661509584
686 _aС550.56
686 _aУ5-14-21
700 1 _aНейматова
_bБ. А.
_gБелла Асельдеровна
_4070
801 0 _aRU
_bNLR
_c20130301
_gRCR
801 1 _aRU
_bNLR
_c20130301
942 _cBOOK
980 _aNBR